[Event "Telford 4NCL U1825 op"]
[Site "Telford"]
[Date "2018.11.04"]
[Round "8"]
[White "Tarr, Steve"]
[Black "Brockes, Jeremy P"]
[Result "1/2-1/2"]
[WhiteElo "1728"]
[BlackElo "1492"]
[PlyCount "90"]
[EventDate "2018.10.31"]
[EventType "swiss"]
[EventRounds "9"]
[EventCountry "ENG"]
[SourceTitle "EXT 2021"]
[Source "ChessBase"]
[SourceDate "2020.10.23"]
[SourceVersion "1"]
[SourceVersionDate "2020.10.23"]
[SourceQuality "1"]

1. d4 Nf6 2. Bf4 g6 3. Nc3 d6 4. e4 Bg7 5. h3 0-0 6. Qd2 Nc6 7. Nf3 Re8 8. 0-0-0 a6 9. e5 Nh5 10. Bh6 dxe5 11. Bxg7 Kxg7 12. g4 Nf6 13. Nxe5 Be6 14. Bg2 Nd5 15. Bxd5 Bxd5 16. Nxd5 Qxd5 17. c4 Qe6 18. Qc3 Nxe5 19. dxe5 b5 20. f4 Kg8 21. f5 gxf5 22. gxf5 Qh6+ 23. Kb1 Rad8 24. Rdg1+ Kh8 25. f6 exf6 26. exf6 Re3 27. Rd1 Qg6+ 28. Ka1 Rxd1+ 29. Rxd1 Rxc3 30. Rd8+ Qg8 31. Rxg8+ Kxg8 32. bxc3 Kf8 33. cxb5 axb5 34. c4 c6 35. cxb5 cxb5 36. Kb2 Ke8 37. Kc3 Kd7 38. Kb4 Kc6 39. Ka5 Kc5 40. a3 h6 41. h4 h5 42. Ka6 Kc6 43. Ka7 Kc7 44. Ka6 Kc6 45. Ka7 Kc7 1/2-1/2

[Event "Torquay Paignton Bloodworth op"]
[Site "Torquay"]
[Date "2018.09.06"]
[Round "5"]
[White "Brockes, Jeremy P"]
[Black "Smith, David"]
[Result "1-0"]
[WhiteElo "135"]
[BlackElo "131"]
[PlyCount "47"]
[EventDate "2018.09.02"]
[EventType "swiss"]
[EventRounds "7"]
[EventCountry "ENG"]
[SourceTitle "CBM 187 Extra"]
[Source "ChessBase"]
[SourceDate "2018.11.04"]
[SourceVersion "1"]
[SourceVersionDate "2018.11.04"]
[SourceQuality "1"]

1. Nf3 Nf6 2. c4 c5 3. Nc3 Nc6 4. e3 d5 5. cxd5 Nxd5 6. d4 cxd4 7. exd4 e6 8. Bd3 Be7 9. 0-0 0-0 10. Re1 Nf6 11. a3 Kh8 12. Bc2 a6 13. Qd3 g6 14. Bh6 Re8 15. Ne4 e5 16. Neg5 Kg8 17. Bb3 Nd5 18. dxe5 Be6 19. Nxe6 fxe6 20. Rad1 Nc7 21. Qe4 Qc8 22. Qf4 Nd8 23. Ng5 Bf8 24. Rxd8 1-0